000 01712nam a22004097a 4500
003 CHAP
005 20220329143156.0
008 061019d2006 mx bd r 00110 spa d
010 _a92906
011 _a93878
020 _a9707350326
035 _a104460
040 _cCHAP
082 0 4 _a370.19316
_bA5
100 1 _aAlcántar Enríquez, Víctor Manuel.
_93600
245 1 0 _aVinculación y posicionamiento de la Universidad Autónoma de Baja California con su entorno social y productivo
_c/por Víctor Manuel Alcántar Enríquez, José Luis Arcos Vega y Alejandro Mungaray Lagarda
260 _aMexicali, B. C. :
_bUniversidad Autónoma de Baja California,
_c2006
300 _a422 p. :
_bgráfs. ; mapa ; cuadros ; tablas ; diagramas
500 _aSelección Anual para el Libro Universitario 2004-2005
590 _aBATCH-UPD
_b10
_c20130109
_lUCH01
_h2334
590 _aBATCH-UPD
_b10
_c20130110
_lUCH01
_h0447
590 _aBATCH-UPD
_b10
_c20130410
_lUCH01
_h0124
590 _aBATCH-UPD
_b10
_c20130913
_lUCH01
_h2357
590 _aCONVERSION
_b10
_c20130109
_lUCH01
_h1351
650 1 4 _aEducación superior
_xBaja California.
_935608
650 1 4 _aEducación superior
_xInvestigación.
_935643
650 1 4 _aInvestigación
_xMetodología.
_960237
650 1 4 _aUniversidad Autónoma de Baja California
_9116300
650 1 4 _aVinculación Universidad-Empresa.
_9119835
700 0 _aMungaray Lagarda, Alejandro.
_979483
700 1 _aArcos Vega, Jose Luis.
_96847
901 _aBK
905 _aMarco A. Mendoza T.
942 _cLIBRO
949 _a370.19316 A5
_bBC
_cLIBRO
_d33724000996864
_eLIBRO
_h108340
_i104460
_si
949 _a370.19316 A5
_bBC
_cLIBRO
_d33724002006116
_eLIBRO
_fc.2
_h108426
_i104460
_sb
999 _c92906
_d92906